000 00646nam a2200217Ii 4500
003 JO-AjNU
008 230605s9999||||xx |||||||||||||| ||und||
017 _a1994/7/621
040 _aJO-AjNU
_bara
_erda
_cJO-AjNU
041 _aara
050 1 4 _aPJ7828 1994
100 3 _aخميس، حمدة,
_eauthor
_948732
245 0 0 _aأضداد
250 _aط1
264 3 1 _aعمان: دار الكرمل للنشر والتوزيع، 1994
300 _a82ص
336 _atext
_btxt
_2rdacontent
337 _aunmediated
_bn
_2rdamedia
338 _avolume
_bnc
_2rdacarrier
650 4 _aالشعر العربي - العصر الحديث
_948733
999 _aA21361
_c24929
_d24929